000 00411nam a2200157 i 4500
001 57277
003 ES-MaACL
005 20230906163539.0
007 t|
008 031015s1928 sp ||||1| spa d
100 1 _aDomenech, Juan B.
_945080
245 1 0 _aProyecto de solución al problema naranjero.
260 _a[Valencia] :
_bDomenech,
_c1928.
300 _a67 p. ;
_c24 cm.
852 _aES-MaACL
_j1737-F-10
999 _c57277
_d57277